Alle Bundesstaaten des Deutschen Kaiserreichs - Statistiken

Allgemein
  • Dieses Quiz wurde 43 mal gespielt
  • Das Durchschnittsergebnis liegt bei 60 aus 110
Antwortstatistiken
Bundesstaat Verwaltungsebene I. Verwaltungsebene II. Antwort % Korrekt
Königreich Bayern
95%
Hansestadt Hamburg
95%
Provinz Hannover
95%
Hansestadt Bremen
93%
Fürstentum Reuß ältere Linie
93%
Fürstentum Reuß jüngere Linie
93%
Provinz Sachsen
93%
Großherzogtum Baden
90%
Provinz Berlin
90%
Großherzogtum Hessen
90%
Provinz Hessen-Nassau
90%
Reg. Bezirk Frankfurt
88%
Provinz Schleswig-Holstein
85%
Kreishauptmannschaft Dresden
83%
Hansestadt Lübeck
83%
Königreich Württemberg
83%
Reg. Bezirk Köln
80%
Königreich Preußen
80%
Provinz Brandenburg
78%
Kreishauptmannschaft Leipzig
78%
Großherzogtum Oldenburg
78%
Herzogtum Braunschweig
75%
Reg. Bezirk Aachen
73%
Reg. Bezirk Düsseldorf
73%
Reg. Bezirk Magdeburg
70%
Reg. Bezirk Pfalz
70%
Reg. Bezirk Potsdam
70%
Kreis Freiburg
68%
Landeskommissärbezirk Karlsruhe
68%
Landeskommissärbezirk Mannheim
68%
Reg. Bezirk Münster
68%
Großherzogtum Sachsen-Weimar-Eisenach
68%
Herzogtum Anhalt
65%
Reg. Bezirk Danzig
65%
Fürstentum Lippe
65%
Großherzogtum Mecklenburg-Schwerin
65%
Reg. Bezirk Osnabrück
65%
Reg. Bezirk Trier
63%
Reg. Bezirk Breslau
60%
Reg. Bezirk Kassel
60%
Provinz Pommern
60%
Herzogtum Sachsen-Coburg und Gotha
60%
Provinz Schlesien
60%
Provinz Westfalen
60%
Reg. Bezirk Erfurt
58%
Kreis Heidelberg
58%
Reg. Bezirk Stettin
58%
Fürstentum Waldeck-Pyrmont
58%
Kreishauptmannschaft Zwickau
58%
Reg. Bezirk Koblenz
55%
Reg. Bezirk Königsberg
55%
Reg. Bezirk Niederbayern
55%
Reg. Bezirk Oberbayern
55%
Fürstentum Schaumburg-Lippe
55%
Reg. Bezirk Wiesbaden
55%
Reg. Bezirk Lüneburg
53%
Reg. Bezirk Oberfranken
53%
Provinz Posen
53%
Provinz Ostpreußen
50%
Reg. Bezirk Unterfranken
50%
Reg. Bezirk Hildesheim
48%
Reg. Bezirk Stralsund
48%
Provinz Westpreußen
48%
Kreishauptmannschaft Bautzen
45%
Landeskommissärbezirk Konstanz
45%
Großherzogtum Mecklenburg-Strelitz
45%
Reg. Bezirk Mittelfranken
45%
Reg. Bezirk Schwaben
45%
Bezirk Lothringen
43%
Provinz Rheinprovinz
43%
Reg. Bezirk Arnsberg
40%
Reichsland Elsaß-Lothringen
40%
Provinz Hohenzollern
40%
Reg. Bezirk Oberpfalz
40%
Reg. Bezirk Minden
38%
Reg. Bezirk Oppeln
35%
Herzogtum Sachsen-Meiningen
35%
Reg. Bezirk Aurich
33%
Reg. Bezirk Bromberg
33%
Herzogtum Sachsen-Altenburg
33%
Reg. Bezirk Stade
33%
Landeskommissärbezirk Freiburg
30%
Reg. Bezirk Köslin
30%
Kreis Offenburg
30%
Reg. Bezirk Gumbinnen
28%
Reg. Bezirk Liegnitz
28%
Kreis Villingen
28%
Reg. Bezirk Marienwerder
25%
Reg. Bezirk Merseburg
25%
Provinz Rheinhessen
25%
Fürstentum Schwarzburg-Rudolstadt
25%
Kreis Lörrach
23%
Bezirk Oberelsaß
23%
Provinz Oberhessen
23%
Fürstentum Schwarzburg-Sonderhausen
23%
Bezirk Unterelsaß
23%
Kreis Donaukreis
20%
Kreis Schwarzwaldkreis
18%
Provinz Starkenburg
18%
Kreis Jagstkreis
8%
Kreis Mosbach
8%
Kreis Neckarkreis
8%
Kreis Waldshut
8%
Keine übereinstimmenden Quizze gefunden
Verteilung der Resultate
Anzahl Personen mit jedem Resultat
Perzentil nach korrekt beantworteten Fragen
Ihre Resultats-Entwicklung
Sie haben dieses Quiz noch nicht gespielt